ARRUPE JESUIT UNIVERSITY

CORONAVIRUS -STOP THE SPREAD - CLEAN,DISINFECT,COVER

Getting to the 21st century : (Record no. 128862)

MARC details
000 -LEADER
fixed length control field 01519cam a2200409 a 4500
001 - CONTROL NUMBER
control field 2468235
003 - CONTROL NUMBER IDENTIFIER
control field ARRUPE
005 - DATE AND TIME OF LATEST TRANSACTION
control field 20190130104427.0
008 - FIXED-LENGTH DATA ELEMENTS--GENERAL INFORMATION
fixed length control field 900216s1990 ctua b 001 0 eng
010 ## - LIBRARY OF CONGRESS CONTROL NUMBER
LC control number 90004211
020 ## - INTERNATIONAL STANDARD BOOK NUMBER
International Standard Book Number 0931816858
020 ## - INTERNATIONAL STANDARD BOOK NUMBER
International Standard Book Number 093181684X (pbk.)
040 ## - CATALOGING SOURCE
Original cataloging agency DLC
Transcribing agency DLC
Modifying agency DLC
043 ## - GEOGRAPHIC AREA CODE
Geographic area code d------
050 00 - LIBRARY OF CONGRESS CALL NUMBER
Classification number HC60
Item number .K67 1990
082 00 - DEWEY DECIMAL CLASSIFICATION NUMBER
Classification number 338.9/009172/4
Edition number 20
300 ## - PHYSICAL DESCRIPTION
Other physical details ill. ;
Dimensions 23 cm.
100 1# - MAIN ENTRY--PERSONAL NAME
Personal name Korten, David C.
9 (RLIN) 44276
245 10 - TITLE STATEMENT
Title Getting to the 21st century :
Remainder of title voluntary action and the global agenda /
Statement of responsibility, etc David C. Korten.
260 ## - PUBLICATION, DISTRIBUTION, ETC. (IMPRINT)
Place of publication, distribution, etc West Hartford, Conn. :
Name of publisher, distributor, etc Kumarian Press,
Date of publication, distribution, etc c1990.
300 ## - PHYSICAL DESCRIPTION
Extent xv, 253 p. :
440 #0 - SERIES STATEMENT/ADDED ENTRY--TITLE
Title Kumarian Press library of management for development
9 (RLIN) 44277
504 ## - BIBLIOGRAPHY, ETC. NOTE
Bibliography, etc Includes bibliographical references and index.
650 #0 - SUBJECT ADDED ENTRY--TOPICAL TERM
Topical term or geographic name as entry element Non-governmental organizations
Geographic subdivision Developing countries.
9 (RLIN) 44278
650 #0 - SUBJECT ADDED ENTRY--TOPICAL TERM
Topical term or geographic name as entry element Non-governmental organizations.
9 (RLIN) 44279
650 #0 - SUBJECT ADDED ENTRY--TOPICAL TERM
Topical term or geographic name as entry element Economic assistance
Geographic subdivision Developing countries.
9 (RLIN) 202
650 #0 - SUBJECT ADDED ENTRY--TOPICAL TERM
Topical term or geographic name as entry element Economic assistance, Domestic.
9 (RLIN) 44280
650 #0 - SUBJECT ADDED ENTRY--TOPICAL TERM
Topical term or geographic name as entry element Economic development
General subdivision Environmental aspects.
9 (RLIN) 4996
650 #0 - SUBJECT ADDED ENTRY--TOPICAL TERM
Topical term or geographic name as entry element Voluntarism
Geographic subdivision Developing countries.
9 (RLIN) 44281
650 #0 - SUBJECT ADDED ENTRY--TOPICAL TERM
Topical term or geographic name as entry element Voluntarism.
9 (RLIN) 44282
650 #0 - SUBJECT ADDED ENTRY--TOPICAL TERM
Topical term or geographic name as entry element Green movement
Geographic subdivision Developing countries.
9 (RLIN) 44283
650 #0 - SUBJECT ADDED ENTRY--TOPICAL TERM
Topical term or geographic name as entry element Green movement.
9 (RLIN) 4995
650 #0 - SUBJECT ADDED ENTRY--TOPICAL TERM
Topical term or geographic name as entry element Peace movements
Geographic subdivision Developing countries.
9 (RLIN) 44284
650 #0 - SUBJECT ADDED ENTRY--TOPICAL TERM
Topical term or geographic name as entry element Peace movements.
9 (RLIN) 44285
740 0# - ADDED ENTRY--UNCONTROLLED RELATED/ANALYTICAL TITLE
Uncontrolled related/analytical title Getting to the twenty-first century.
906 ## - LOCAL DATA ELEMENT F, LDF (RLIN)
a 7
b cbc
c orignew
d 1
e ocip
f 19
g y-gencatlg
942 ## - ADDED ENTRY ELEMENTS (KOHA)
Source of classification or shelving scheme Library of Congress Classification
Koha item type Monograph ( Printed materials)
Holdings
Withdrawn status Lost status Source of classification or shelving scheme Damaged status Not for loan Collection code Home library Current library Shelving location Date acquired Total Checkouts Full call number Barcode Date last seen Date checked out Price effective from Koha item type
    Library of Congress Classification     Main Collection ARRUPE LIBRARY ARRUPE LIBRARY Main Collection 30/01/2019 1 HC60 .K67 1990 46600003522 10/05/2022 18/01/2022 30/01/2019 Monograph ( Printed materials)

 

Arrupe Library. PO Box MP320 Mt Pleasant, Harare, Zimbabwe
263 242 745411|librarian@aju.ac.zw